Statistics for Famous Roads

Click here to take the quiz!

General Stats

  • This quiz has been taken 283 times
  • The average score is 6 of 15

Answer Stats

HintAnswer% Correct
Manhattan's Theater StreetBroadway
86%
A long trading route Connecting Europe with AsiaSilk Road
85%
Also in New York, here you can find the stock exchangeWall Street
85%
The British Prime Minister lives hereDowning Street
82%
Sherlock Holmes lived hereBaker Street
61%
The Tour de France traditionally ends hereChamps Elysees
40%
In New Orleans this road is part of the French QuarterBourbon Street
36%
The oldest street in RomeVia Appia
21%
The promenade of BarcelonaRamblas
20%
In Edinburgh this road runs through the old townRoyal Mile
20%
The waterfront in ShanghaiBund
14%
Sydney's main street, named after a queenVictoria Road
13%
4.5 km long in the historic heart of St. PetersburgNevsky Prospekt
12%
The shopping street in West BerlinKurfürstendamm
11%
Famous tourist street in Prague CastleGolden Lane
3%

Score Distribution

Percentile by Number Answered

Percent of People with Each Score

Your Score History

You have not taken this quiz